[Event "Kavala op 27th"]
[Site "Kavala"]
[Date "2018.08.10"]
[Round "8"]
[White "Bulmaga, Irina"]
[Black "Papadopoulos, Nikolaos"]
[Result "1-0"]
[WhiteElo "2401"]
[BlackElo "2258"]
[PlyCount "85"]
[EventDate "2018.08.05"]
[EventType "swiss"]
[EventRounds "9"]
[EventCountry "GRE"]
[SourceTitle "CBM 186 Extra"]
[Source "ChessBase"]
[SourceDate "2018.08.24"]
[SourceVersion "1"]
[SourceVersionDate "2018.08.24"]
[SourceQuality "1"]

1. e4 d6 2. d4 Nf6 3. Nc3 g6 4. f4 Bg7 5. Nf3 0-0 6. e5 dxe5 7. fxe5 Nd5 8. Bc4 Be6 9. Bxd5 Bxd5 10. Nxd5 Qxd5 11. Qe2 c5 12. c4 Qd7 13. d5 e6 14. d6 f6 15. exf6 Rxf6 16. Bg5 Rf7 17. 0-0-0 Nc6 18. Rhe1 Re8 19. Be7 e5 20. Ng5 Rf5 21. Ne4 b6 22. Kb1 Rb8 23. Rd5 Nxe7 24. dxe7 Qxe7 25. Red1 Rf7 26. Qd2 Rbf8 27. Qe1 a6 28. Qe2 Rf4 29. g3 Rf3 30. Rd7 Qe6 31. a3 Qf5 32. Ka2 b5 33. R1d3 Rf1 34. Rb7 Qe6 35. Rdd7 Bh8 36. Nxc5 Qxc4+ 37. Qxc4+ bxc4 38. Ne6 Rc8 39. Rxh7 Rf2 40. Rh6 Rf6 41. Rbh7 Rxe6 42. Rxh8+ Kg7 43. R6h7+ 1-0

[Event "GRE-chT 46th"]
[Site "Rio Achaia"]
[Date "2018.07.10"]
[Round "1.6"]
[White "Papadopoulos, Nikolaos"]
[Black "Kourousis, Epaminondas"]
[Result "1/2-1/2"]
[WhiteElo "2228"]
[BlackElo "2399"]
[PlyCount "64"]
[EventDate "2018.07.10"]
[EventType "team"]
[EventRounds "7"]
[EventCountry "GRE"]
[SourceTitle "CBM 185 Extra"]
[Source "ChessBase"]
[SourceDate "2018.07.29"]
[SourceVersion "1"]
[SourceVersionDate "2018.07.29"]
[SourceQuality "1"]
[WhiteTeam "Heraklion Contact"]
[BlackTeam "Panionios GA"]
[WhiteTeamCountry "GRE"]
[BlackTeamCountry "GRE"]

1. e4 d5 2. exd5 Qxd5 3. Nc3 Qa5 4. Nf3 Nf6 5. g3 Bg4 6. h3 Bh5 7. Bg2 e6 8. g4 Bg6 9. Nh4 c6 10. 0-0 Be7 11. d4 Nbd7 12. Nxg6 hxg6 13. Qf3 Nh7 14. Rd1 0-0 15. Bf4 Rfd8 16. a3 a6 17. Qe2 Ndf6 18. Be3 Qc7 19. Qf3 Nd5 20. Ne2 Bg5 21. c4 Nxe3 22. fxe3 a5 23. Nc3 Nf6 24. Qf2 Qb6 25. Re1 Nd7 26. Rf1 Rf8 27. Ne4 Be7 28. Qc2 Rad8 29. Rad1 Nf6 30. Nc3 e5 31. c5 Qc7 32. Qf2 Rde8 1/2-1/2

[Event "Thessaloniki White Tower op 40th"]
[Site "Thessaloniki"]
[Date "2018.01.06"]
[Round "6"]
[White "Papakonstantinou, Dimitrios"]
[Black "Papadopoulos, Nikolaos"]
[Result "0-1"]
[WhiteElo "2320"]
[BlackElo "2205"]
[PlyCount "56"]
[EventDate "2018.01.02"]
[EventType "swiss"]
[EventRounds "9"]
[EventCountry "GRE"]
[SourceTitle "CBM 182 Extra"]
[Source "ChessBase"]
[SourceDate "2018.02.23"]
[SourceVersion "1"]
[SourceVersionDate "2018.02.23"]
[SourceQuality "1"]

1. e4 g6 2. d4 Bg7 3. Nc3 d6 4. f4 Nf6 5. Nf3 0-0 6. Bd3 Nc6 7. e5 dxe5 8. fxe5 Nh5 9. Be3 Bg4 10. Be2 f6 11. e6 f5 12. Qd2 f4 13. Bf2 Bxf3 14. Bxf3 Nxd4 15. Bxb7 Rb8 16. Bd5 c5 17. b3 Qa5 18. Ne4 Nxc2+ 19. Ke2 f3+ 20. gxf3 Nf4+ 21. Kd1 Qxd2+ 22. Nxd2 Nxa1 23. Bc4 Rbd8 24. Bxc5 Bc3 25. Be3 Ng2 26. Bh6 Bxd2 27. Bxd2 Ne3+ 28. Kc1 Nac2 0-1

[Event "Nikaia op 24th"]
[Site "Nikaia"]
[Date "2016.09.02"]
[Round "9"]
[White "Papadopoulos, Nikolaos"]
[Black "Loutragotis, Dimitrios"]
[Result "1-0"]
[WhiteElo "2233"]
[BlackElo "2013"]
[PlyCount "45"]
[EventDate "2016.08.25"]
[EventType "swiss"]
[EventRounds "9"]
[EventCountry "GRE"]
[SourceTitle "CBM 174 Extra"]
[Source "ChessBase"]
[SourceDate "2016.10.10"]
[SourceVersion "1"]
[SourceVersionDate "2016.10.10"]
[SourceQuality "1"]

1. d4 Nf6 2. c4 g6 3. Nc3 Bg7 4. e4 d6 5. f3 0-0 6. Be3 a5 7. Qd2 Nfd7 8. Nge2 e5 9. h4 f5 10. exf5 gxf5 11. 0-0-0 Na6 12. h5 Qe8 13. h6 Bf6 14. Nd5 f4 15. Bf2 Bg5 16. g3 c6 17. gxf4 cxd5 18. Rg1 Nb6 19. Rxg5+ Kh8 20. dxe5 Nxc4 21. e6 Qc6 22. Bd4+ Ne5+ 23. Nc3 1-0

[Event "GRE-chT 44th"]
[Site "Achaia"]
[Date "2016.07.10"]
[Round "7.6"]
[White "Papadopoulos, Nikolaos"]
[Black "Svoboda, Vaclav1111"]
[Result "0-1"]
[WhiteElo "2233"]
[BlackElo "2416"]
[PlyCount "82"]
[EventDate "2016.07.05"]
[EventType "team-swiss"]
[EventRounds "7"]
[EventCountry "GRE"]
[SourceTitle "CBM 173 Extra"]
[Source "ChessBase"]
[SourceDate "2016.08.29"]
[SourceVersion "1"]
[SourceVersionDate "2016.08.29"]
[SourceQuality "1"]
[WhiteTeam "Heraklion SO"]
[BlackTeam "Three Stars 89"]
[WhiteTeamCountry "GRE"]
[BlackTeamCountry "GRE"]

1. e4 c5 2. Nf3 d6 3. d4 cxd4 4. Nxd4 Nf6 5. Nc3 Nc6 6. Bg5 e6 7. Qd2 a6 8. 0-0-0 Bd7 9. f3 h6 10. Be3 b5 11. Nxc6 Bxc6 12. g4 Qc7 13. Rg1 Rc8 14. h4 Nd7 15. Bd3 Ne5 16. Be2 b4 17. Nb1 Bb7 18. b3 Be7 19. g5 hxg5 20. Bxg5 Bxg5 21. Rxg5 f6 22. Rgg1 Rxh4 23. Rh1 Rxh1 24. Rxh1 Kf7 25. Rh3 Qc5 26. Kb2 a5 27. a3 Ke7 28. Rh7 Kf7 29. Bd1 Kg8 30. Rh3 Ng6 31. Ka2 e5 32. Kb2 Nf4 33. Rh4 d5 34. exd5 Bxd5 35. c3 Rb8 36. Bc2 Be6 37. Qh2 Kf7 38. Rh7 bxc3+ 39. Nxc3 Qd4 40. Qh6 Rg8 41. a4 Qd2 0-1

[Event "GRE-chT 44th"]
[Site "Achaia"]
[Date "2016.07.08"]
[Round "5.11"]
[White "Papadopoulos, Nikolaos"]
[Black "Argiroudis, Stamatis"]
[Result "1-0"]
[WhiteElo "2233"]
[BlackElo "2312"]
[PlyCount "93"]
[EventDate "2016.07.05"]
[EventType "team-swiss"]
[EventRounds "7"]
[EventCountry "GRE"]
[SourceTitle "CBM 173 Extra"]
[Source "ChessBase"]
[SourceDate "2016.08.29"]
[SourceVersion "1"]
[SourceVersionDate "2016.08.29"]
[SourceQuality "1"]
[WhiteTeam "Heraklion SO"]
[BlackTeam "Chania Kaissa"]
[WhiteTeamCountry "GRE"]
[BlackTeamCountry "GRE"]

1. e4 e6 2. d4 d5 3. Nc3 Bb4 4. e5 c5 5. a3 Bxc3+ 6. bxc3 Qa5 7. Bd2 Qa4 8. Nf3 Nc6 9. dxc5 Nge7 10. Bd3 Ng6 11. Qe2 a6 12. 0-0 0-0 13. g3 Qa5 14. h4 Qc7 15. Rfe1 f6 16. exf6 gxf6 17. c4 d4 18. c3 dxc3 19. Bxc3 e5 20. h5 Nge7 21. Nh4 Rf7 22. Be4 Be6 23. Rad1 Rd8 24. Rxd8+ Qxd8 25. Rd1 Qc8 26. Rd6 Bg4 27. Qd2 Qf8 28. h6 Kh8 29. Kg2 Bc8 30. Ba5 f5 31. Bxc6 Nxc6 32. Qd5 Re7 33. Bd8 Rf7 34. Ba5 Re7 35. Bc3 Qe8 36. Nf3 Be6 37. Bxe5+ Kg8 38. Rxe6 Rxe6 39. Ng5 Nxe5 40. Nxe6 Qc6 41. Nd4+ Qxd5+ 42. cxd5 Nc4 43. Nxf5 Kf8 44. Nd6 Na5 45. g4 Ke7 46. g5 Kf8 47. f4 1-0

[Event "GRE-chT 44th"]
[Site "Achaia"]
[Date "2016.07.06"]
[Round "3.6"]
[White "Papadopoulos, Nikolaos"]
[Black "Kotronias, Vasilios"]
[Result "0-1"]
[WhiteElo "2233"]
[BlackElo "2534"]
[PlyCount "68"]
[EventDate "2016.07.05"]
[EventType "team-swiss"]
[EventRounds "7"]
[EventCountry "GRE"]
[SourceTitle "CBM 173 Extra"]
[Source "ChessBase"]
[SourceDate "2016.08.29"]
[SourceVersion "1"]
[SourceVersionDate "2016.08.29"]
[SourceQuality "1"]
[WhiteTeam "Heraklion SO"]
[BlackTeam "Peiraikos PG"]
[WhiteTeamCountry "GRE"]
[BlackTeamCountry "GRE"]

1. c4 Nf6 2. Nc3 g6 3. e4 d6 4. d4 Bg7 5. Nf3 0-0 6. Be2 e5 7. 0-0 Nbd7 8. Re1 c6 9. Rb1 a5 10. a3 exd4 11. Nxd4 Nc5 12. Bf3 a4 13. Bf4 Re8 14. h3 Be6 15. Nxe6 Rxe6 16. Qc2 Qa5 17. Rbd1 Bf8 18. Re2 Rae8 19. Rd4 h5 20. h4 Nfd7 21. g3 Qa6 22. Bg2 Ne5 23. Bg5 Bg7 24. Qd1 Nxc4 25. Bh3 f5 26. Bf1 fxe4 27. Rexe4 Bxd4 28. Qxd4 Nxe4 29. Bxc4 Nxg5 30. hxg5 Qa5 31. Ne4 Qe1+ 32. Kh2 d5 33. Nf6+ Rxf6 34. gxf6 Qe5 0-1

[Event "GRE-chT 43rd"]
[Site "Porto Rio"]
[Date "2015.10.12"]
[Round "7.7"]
[White "Papadopoulos, Nikolaos"]
[Black "Papastavropoulos, Andreas"]
[Result "1-0"]
[WhiteElo "2203"]
[BlackElo "2178"]
[PlyCount "99"]
[EventDate "2015.10.08"]
[EventType "team-swiss"]
[EventRounds "7"]
[EventCountry "GRE"]
[SourceTitle "CBM 168 Extra"]
[Source "ChessBase"]
[SourceDate "2015.10.29"]
[SourceVersion "1"]
[SourceVersionDate "2015.10.29"]
[SourceQuality "1"]
[WhiteTeam "Von Heraklion Contact"]
[BlackTeam "Glyfadas Zenon"]
[WhiteTeamCountry "GRE"]
[BlackTeamCountry "GRE"]

1. d4 Nf6 2. c4 g6 3. Nc3 Bg7 4. e4 d6 5. f3 a5 6. Be3 0-0 7. Nge2 Nc6 8. Qd2 e5 9. d5 Nb4 10. g4 Ne8 11. Rg1 Kh8 12. Ng3 f5 13. gxf5 gxf5 14. exf5 Bxf5 15. Nxf5 Rxf5 16. Rg3 Qf6 17. a3 Na6 18. Ne4 Qh4 19. 0-0-0 Nc5 20. Nxc5 dxc5 21. Bd3 Rf7 22. Rdg1 Nd6 23. Rg4 Qf6 24. R1g3 e4 25. fxe4 Re8 26. Rf4 Qe5 27. Rxf7 Nxf7 28. Bxc5 b6 29. Be3 Qf6 30. Qf2 Qe7 31. Bd4 Ne5 32. Qg1 Bf6 33. Kc2 h5 34. Qf1 h4 35. Rg2 Rg8 36. Rxg8+ Kxg8 37. Qf5 Qg7 38. Kc3 a4 39. Bc2 Ng4 40. Qc8+ Kf7 41. Qxc7+ Kg8 42. Qc8+ Kf7 43. Qe6+ Kf8 44. Bxf6 Nxf6 45. e5 Nd7 46. Bxa4 Qg5 47. Qxd7 Qe3+ 48. Kb4 Qd2+ 49. Kb3 Qd3+ 50. Ka2 1-0

[Event "GRE-chT 43rd"]
[Site "Porto Rio"]
[Date "2015.10.11"]
[Round "6.3"]
[White "Kofidis, Andreas"]
[Black "Papadopoulos, Nikolaos"]
[Result "1-0"]
[WhiteElo "2401"]
[BlackElo "2203"]
[PlyCount "63"]
[EventDate "2015.10.08"]
[EventType "team-swiss"]
[EventRounds "7"]
[EventCountry "GRE"]
[SourceTitle "CBM 168 Extra"]
[Source "ChessBase"]
[SourceDate "2015.10.29"]
[SourceVersion "1"]
[SourceVersionDate "2015.10.29"]
[SourceQuality "1"]
[WhiteTeam "Panionios GSS"]
[BlackTeam "Von Heraklion Contact"]
[WhiteTeamCountry "GRE"]
[BlackTeamCountry "GRE"]

1. e4 c5 2. Nf3 d6 3. d4 cxd4 4. Nxd4 Nf6 5. Nc3 a6 6. g3 e5 7. Nde2 Be7 8. Bg2 Be6 9. 0-0 0-0 10. b3 Nbd7 11. Nd5 Nxd5 12. exd5 Bf5 13. Be3 Rc8 14. c3 Re8 15. Qd2 Nc5 16. Rfd1 Bf6 17. c4 Qd7 18. Rac1 h6 19. h4 e4 20. Bxc5 Rxc5 21. b4 Rcc8 22. c5 Be5 23. Qe3 Qa4 24. Qb3 Qxb3 25. axb3 Bb2 26. Rc4 e3 27. g4 exf2+ 28. Kxf2 b5 29. cxb6 Bd7 30. Nd4 Rb8 31. Rc7 Bxg4 32. Rd2 1-0

[Event "GRE-chT 43rd"]
[Site "Porto Rio"]
[Date "2015.10.09"]
[Round "3.9"]
[White "Papadakis, Michalis"]
[Black "Papadopoulos, Nikolaos"]
[Result "0-1"]
[WhiteElo "2227"]
[BlackElo "2203"]
[PlyCount "80"]
[EventDate "2015.10.08"]
[EventType "team-swiss"]
[EventRounds "7"]
[EventCountry "GRE"]
[SourceTitle "CBM 168 Extra"]
[Source "ChessBase"]
[SourceDate "2015.10.29"]
[SourceVersion "1"]
[SourceVersionDate "2015.10.29"]
[SourceQuality "1"]
[WhiteTeam "Heraklion"]
[BlackTeam "Von Heraklion Contact"]
[WhiteTeamCountry "GRE"]
[BlackTeamCountry "GRE"]

1. d4 g6 2. e4 Bg7 3. Nc3 d6 4. f4 Nc6 5. Nf3 Bg4 6. Be3 Bxf3 7. gxf3 Nf6 8. Qd2 0-0 9. 0-0-0 e5 10. fxe5 dxe5 11. d5 Ne7 12. h4 h5 13. Be2 Nc8 14. f4 Nd6 15. Qd3 Re8 16. Bf3 exf4 17. Bxf4 Nd7 18. Rdg1 Ne5 19. Qe2 Qf6 20. Bxe5 Rxe5 21. Rf1 Qe7 22. Qd3 Re8 23. Bg2 a6 24. a3 b5 25. Kb1 Rb8 26. Re1 a5 27. Nd1 Qe8 28. Rh3 b4 29. axb4 axb4 30. c4 bxc3 31. Nxc3 Rb4 32. Rhe3 Qb8 33. R3e2 Nc4 34. Nd1 Qb5 35. Bf1 Rb3 36. Qd4 Rb4 37. Qd3 Qa4 38. Ne3 Nxb2 39. Rxb2 Rxb2+ 40. Kxb2 Rxd5+ 0-1

[Event "GRE-chT 43rd"]
[Site "Porto Rio"]
[Date "2015.10.08"]
[Round "2.7"]
[White "Papadopoulos, Nikolaos"]
[Black "Georgiev, Krum"]
[Result "0-1"]
[WhiteElo "2203"]
[BlackElo "2412"]
[PlyCount "62"]
[EventDate "2015.10.08"]
[EventType "team-swiss"]
[EventRounds "7"]
[EventCountry "GRE"]
[SourceTitle "CBM 168 Extra"]
[Source "ChessBase"]
[SourceDate "2015.10.29"]
[SourceVersion "1"]
[SourceVersionDate "2015.10.29"]
[SourceQuality "1"]
[WhiteTeam "Von Heraklion Contact"]
[BlackTeam "Korinthias Argonaftis"]
[WhiteTeamCountry "GRE"]
[BlackTeamCountry "GRE"]

1. Nf3 Nf6 2. g3 g6 3. c4 Bg7 4. Bg2 0-0 5. 0-0 d6 6. Nc3 c6 7. d3 Re8 8. Bd2 e5 9. Rc1 Na6 10. a3 Nc7 11. e4 Bg4 12. h3 Bd7 13. Be3 c5 14. b4 b6 15. Rb1 Ne6 16. Bd2 Nd4 17. Re1 Qc8 18. Kh2 a6 19. Nxd4 cxd4 20. Ne2 b5 21. Rc1 Qb7 22. c5 dxc5 23. Rxc5 Be6 24. Qb1 Nd7 25. Rc2 Rac8 26. Rec1 Nb6 27. Rxc8 Rxc8 28. Rxc8+ Qxc8 29. Qc1 Qxc1 30. Nxc1 Na4 31. f4 Nc3 0-1

[Event "GRE-ch U20"]
[Site "Thessaloniki"]
[Date "2014.01.02"]
[Round "1"]
[White "Ioannidis, Evgenios"]
[Black "Papadopoulos, Nikolaos"]
[Result "1-0"]
[WhiteElo "2054"]
[BlackElo "2188"]
[PlyCount "37"]
[EventDate "2014.01.02"]
[EventType "swiss"]
[EventRounds "7"]
[EventCountry "GRE"]
[SourceTitle "EXT 2016"]
[Source "ChessBase"]
[SourceDate "2015.10.08"]
[SourceVersion "1"]
[SourceVersionDate "2015.10.08"]
[SourceQuality "1"]

1. e4 e5 2. Nf3 Nc6 3. Bb5 Nf6 4. 0-0 Nxe4 5. Re1 Nd6 6. Nxe5 Be7 7. Bd3 0-0 8. c3 b6 9. Bc2 Nxe5 10. Rxe5 Bf6 11. Re1 Bb7 12. d4 Re8 13. Bf4 Rxe1+ 14. Qxe1 Nc8 15. Bxc7 Qf8 16. Nd2 d6 17. Be4 Bxe4 18. Qxe4 Qe7 19. Qc6 1-0

[Event "GRE-chT 41st"]
[Site "Achaia"]
[Date "2013.07.07"]
[Round "7.4"]
[White "Papadopoulos, Nikolaos"]
[Black "Tsomis, Dimitrios"]
[Result "1-0"]
[WhiteElo "2157"]
[BlackElo "2080"]
[PlyCount "63"]
[EventDate "2013.07.02"]
[EventType "team-swiss"]
[EventRounds "7"]
[EventCountry "GRE"]
[SourceTitle "CBM 155 Extra"]
[Source "ChessBase"]
[SourceDate "2013.08.26"]
[SourceVersion "1"]
[SourceVersionDate "2013.08.26"]
[SourceQuality "1"]
[WhiteTeam "Irakleiou Contact"]
[BlackTeam "Peiraikos PG"]
[WhiteTeamCountry "GRE"]
[BlackTeamCountry "GRE"]

1. e4 c5 2. Nf3 d6 3. d4 cxd4 4. Nxd4 Nf6 5. Nc3 a6 6. Bg5 e6 7. Qe2 Be7 8. h4 Nbd7 9. 0-0-0 Qc7 10. g4 b5 11. Bg2 Bb7 12. f4 b4 13. Na4 Nc5 14. Nxc5 dxc5 15. Nb3 c4 16. Nd4 h6 17. Bxf6 gxf6 18. e5 0-0-0 19. Bxb7+ Kxb7 20. Qe4+ Kb6 21. exf6 Bxf6 22. g5 hxg5 23. fxg5 Be7 24. g6 e5 25. g7 Rhg8 26. Nf5 Bf6 27. Rhg1 Rxd1+ 28. Rxd1 Bxg7 29. Rd6+ Ka7 30. Qd5 Kb8 31. Rxa6 Qb7 32. Qd6+ 1-0

[Event "GRE-chT 40th"]
[Site "Achaia"]
[Date "2012.07.04"]
[Round "6.13"]
[White "Spirliadis, Achileas"]
[Black "Papadopoulos, Nikolaos"]
[Result "1-0"]
[WhiteElo "2120"]
[BlackElo "2138"]
[PlyCount "69"]
[EventDate "2012.06.30"]
[EventType "team-swiss"]
[EventRounds "7"]
[EventCountry "GRE"]
[SourceTitle "CBM 149 Extra"]
[Source "ChessBase"]
[SourceDate "2012.08.24"]
[SourceVersion "1"]
[SourceVersionDate "2012.08.24"]
[SourceQuality "1"]
[WhiteTeam "Panathlitikos Sykeon"]
[BlackTeam "Von Heraklion Contact"]
[WhiteTeamCountry "GRE"]
[BlackTeamCountry "GRE"]

1. e4 c5 2. c3 e6 3. d4 d5 4. e5 Nc6 5. Nf3 a6 6. Bd3 b5 7. 0-0 Nge7 8. Re1 cxd4 9. cxd4 Bd7 10. Nc3 Ng6 11. g3 Be7 12. h4 b4 13. Ne2 Na5 14. h5 Nf8 15. Nf4 Bb5 16. b3 Nd7 17. a4 Bxd3 18. Qxd3 0-0 19. Bd2 Qb6 20. Rac1 Rac8 21. Kg2 Qb7 22. g4 Rxc1 23. Rxc1 Rc8 24. Rxc8+ Qxc8 25. g5 Nf8 26. g6 hxg6 27. hxg6 f5 28. exf6 gxf6 29. Nh2 f5 30. Nf3 Nc6 31. Qe3 Bf6 32. Nh5 Bg7 33. Nxg7 Kxg7 34. Qh6+ Kg8 35. Ng5 1-0

[Event "GRE-chT 40th"]
[Site "Achaia"]
[Date "2012.07.02"]
[Round "4.8"]
[White "Papadopoulos, Nikolaos"]
[Black "Gimnopoulos, Lazaros"]
[Result "1-0"]
[WhiteElo "2138"]
[BlackElo "2109"]
[PlyCount "107"]
[EventDate "2012.06.30"]
[EventType "team-swiss"]
[EventRounds "7"]
[EventCountry "GRE"]
[SourceTitle "CBM 149 Extra"]
[Source "ChessBase"]
[SourceDate "2012.08.24"]
[SourceVersion "1"]
[SourceVersionDate "2012.08.24"]
[SourceQuality "1"]
[WhiteTeam "Von Heraklion Contact"]
[BlackTeam "Florinas"]
[WhiteTeamCountry "GRE"]
[BlackTeamCountry "GRE"]

1. e4 c5 2. Nf3 d6 3. d4 cxd4 4. Nxd4 Nf6 5. Nc3 a6 6. Be3 e5 7. Nb3 Be6 8. f3 Be7 9. Qd2 Nbd7 10. 0-0-0 Qc7 11. g4 h6 12. h4 Nb6 13. Qf2 Nfd7 14. Kb1 Nc5 15. Nxc5 dxc5 16. Be2 Rd8 17. Rxd8+ Kxd8 18. Rd1+ Kc8 19. g5 hxg5 20. hxg5 Qc6 21. Qg3 Bd6 22. b3 g6 23. Qg2 Rd8 24. Qh2 Bc7 25. Rd3 Rxd3 26. cxd3 Bd6 27. Bf1 Kb8 28. Bh3 Qc8 29. Bxe6 Qxe6 30. Qh8+ Qc8 31. Qh7 Qe6 32. Qg8+ Ka7 33. b4 Qe7 34. a4 Qe6 35. Kb2 Nd7 36. Qd8 b6 37. Nd5 Bb8 38. a5 bxa5 39. bxc5 Kb7 40. Qxa5 Qc6 41. Nb4 Qb5 42. c6+ Kc8 43. cxd7+ Kxd7 44. Qxb5+ axb5 45. Kb3 Bd6 46. Nd5 Kc6 47. Bd2 Bc5 48. Bc3 Bd6 49. Ne3 Kd7 50. Ng4 Ke6 51. Bb2 Be7 52. Nxe5 Bxg5 53. d4 Bd2 54. Bc3 1-0

[Event "GRE-chT 37th"]
[Site "Kallithea"]
[Date "2009.07.08"]
[Round "8"]
[White "Papadopoulos, Nikolaos"]
[Black "Haratsidis, Vasilios"]
[Result "1/2-1/2"]
[WhiteElo "2107"]
[BlackElo "1996"]
[PlyCount "20"]
[EventDate "2009.07.03"]
[EventType "team-tourn"]
[EventRounds "9"]
[EventCountry "GRE"]
[SourceTitle "CBM 131 Extra"]
[Source "ChessBase"]
[SourceDate "2009.09.03"]
[SourceVersion "2"]
[SourceVersionDate "2009.09.16"]
[SourceQuality "1"]

1. Nf3 d6 2. e4 g6 3. d4 Bg7 4. Nc3 Nd7 5. Bc4 e6 6. 0-0 Ne7 7. Be3 0-0 8. Qd2 e5 9. Rad1 Nb6 10. Be2 Be6 1/2-1/2

[Event "GRE-ch U20"]
[Site "Greece"]
[Date "2009.01.07"]
[Round "8"]
[White "Stavrianakis, Ioannis"]
[Black "Papadopoulos, Nikolaos"]
[Result "1-0"]
[WhiteElo "2214"]
[BlackElo "2129"]
[PlyCount "189"]
[EventDate "2009.01.02"]
[EventType "swiss"]
[EventRounds "9"]
[EventCountry "GRE"]
[SourceTitle "EXT 2011"]
[Source "ChessBase"]
[SourceDate "2010.11.26"]
[SourceVersion "1"]
[SourceVersionDate "2010.11.26"]
[SourceQuality "1"]

1. d4 g6 2. e4 d6 3. Bd3 Nf6 4. Nf3 Bg7 5. 0-0 0-0 6. c3 Nc6 7. h3 e5 8. Nbd2 a6 9. Re1 Re8 10. Nb3 h6 11. Bd2 Nh5 12. Be3 Qf6 13. Nbd2 Nf4 14. Bxf4 Qxf4 15. d5 Nb8 16. c4 Nd7 17. b4 Qf6 18. Qc2 Bf8 19. Nb3 c6 20. c5 dxc5 21. bxc5 b6 22. cxb6 cxd5 23. exd5 Bb7 24. Qc7 Bxd5 25. Qxd7 Rad8 26. Qa4 Bc6 27. Qxa6 e4 28. Bf1 exf3 29. g3 Bd6 30. Rxe8+ Rxe8 31. Qd3 Be4 32. Qb5 Re6 33. b7 Bb8 34. Rc1 Kh7 35. Rc8 Bxg3 36. b8Q Bxb8 37. Qxb8 Re5 38. Kh1 Bf5 39. Re8 Rxe8 40. Qxe8 Be6 41. Qa4 Qc3 42. Kg1 Qe1 43. h4 Qd1 44. Qf4 Qd5 45. Nd4 g5 46. hxg5 hxg5 47. Bd3+ Kg8 48. Qe4 Qxe4 49. Bxe4 Bxa2 50. Nxf3 f6 51. Nd4 Kf7 52. Kg2 Ke7 53. Kg3 Kd6 54. Nf3 Be6 55. Nd4 Bd7 56. Bf5 Ba4 57. Kf3 Ke5 58. Ke3 Bd1 59. Bc2 Bg4 60. Nf3+ Ke6 61. Bb3+ Kd6 62. Ke4 Bc8 63. Nd4 Bd7 64. Nf5+ Kc5 65. Ne7 Kd6 66. Nf5+ Kc5 67. Bf7 Bc6+ 68. Ke3 Bd7 69. Ng3 Kd6 70. Kd4 Bc8 71. Bg6 Bb7 72. Ne4+ Ke7 73. Bf5 Bc6 74. Kc5 Bb7 75. Nc3 Bf3 76. Nd5+ Kf7 77. Kd6 Bg2 78. Ne7 Bf3 79. Kd7 Bg2 80. Nc8 Bd5 81. Nd6+ Kf8 82. Be6 Bf3 83. Ne8 f5 84. Bxf5 Kf7 85. Be6+ Kg6 86. Kd6 g4 87. Ke5 Kg5 88. Nf6 Bd1 89. Ne4+ Kh4 90. Kf4 Kh3 91. Ng3 Kg2 92. Ke3 Bf3 93. Bd7 Bd1 94. Bf5 Kg1 95. Ne2+ 1-0